Normal view
MARC view
- Historical Linguistics- Linguistics
Entry Topical Term
001 - CONTROL NUMBER
- control field: 1945
003 - CONTROL NUMBER IDENTIFIER
- control field: JO-AjAnu
005 - DATE AND TIME OF LATEST TRANSACTION
- control field: 20230606070625.0
008 - FIXED-LENGTH DATA ELEMENTS
- fixed length control field: 230606|| aca||aabn | a|a d
040 ## - CATALOGING SOURCE
- Original cataloging agency: JO-AjAnu
- Transcribing agency: JO-AjAnu
150 ## - HEADING--TOPICAL TERM
- Topical term or geographic name entry element: Historical Linguistics- Linguistics
670 ## - SOURCE DATA FOUND
- Source citation: Work cat.: (JO-AjAnu)1022: Schendl,Herbert تأليف, author 1944, Historical Linguistics